00858cam3a220024100 4500001001200000008004100012010001600053020001500069035001900084035002100103035002200124050001500146082000800161100003200169245011900201260004200320490004600362500005000408650007500458949005800533004000600591999001900597lce00707271710204s1970 caua 001 0 eng  a 70116898 a0716704390 a(Sirsi) r11887 a(DLC) 70116898 a(UPRA)lce007072710 aQA93b.J33 a5101 aJacobs, Harold R.6A66204.110aMathematics, a human endeavor;ba textbook for those who think they don't like the subjectc[by] Harold R. Jacobs. aSan Francisco,bW. H. Freemanc[1970]0 aA Series of books in mathematics6S1973.1 a"Get off the earth puzzle": 1 disc in pocket. 0aMathematics -- Popular works.xMathematics -- Popular works.6S35314.1 aQA93wlcci33729000227533mMAINp2500tBOOKlON-SHELF11887 c144771d144771